| 000 | 01715nam0a22003131 4500 | ||
|---|---|---|---|
| 001 | rc\4579742 | ||
| 005 | 20130416191142.4 | ||
| 021 |
_aRU _b[67-62796] |
||
| 035 | _a(NLR Aleph) 008656147 | ||
| 090 |
_a9032633 _c9032633 |
||
| 100 | _a20130416d1966 |||y0rusy50 ca | ||
| 101 | 0 | _arus | |
| 102 | _aRU | ||
| 105 | _aa b ||||| | ||
| 200 | 1 |
_aМашины, механизмы и оборудование для лесозаготовительной промышленности и лесного хозяйства _eКраткий каталог _fМ-во лесной, целлюлозно-бум. и деревообрабатывающей пром-сти СССР. Центр. науч.-исслед. и проектно-конструкторский ин-т механизации и энергетики лесной пром-сти |
|
| 210 |
_aМосква _cБ. и. _d1966 |
||
| 215 |
_a149, [5] с. _cил. _d14х22 |
||
| 300 | _aНа обороте тит. л. сост.: С.Г. Белов, Л.К. Давиденко, А.В. Егорова и др. | ||
| 606 |
_aЛесозаготовительное оборудование _jКаталоги _2psbo |
||
| 606 |
_aЛесохозяйственные машины и орудия _jКаталоги _2psbo |
||
| 702 | 1 |
_aДавиденко _bЛ. Д. _4220 |
|
| 702 | 1 |
_aЕгоров _bА. В. _4220 |
|
| 702 | 1 |
_aБелов _bС. Г. _4220 |
|
| 712 | 0 | 2 |
_aЦентральный науч.-исслед. ин-т механизации и энергетики лесной промышленности _cХимки _3RU\NLR\AUTH\8810021521 |
| 801 | 0 |
_aRU _bNLR _gpsbo |
|
| 801 | 1 |
_aRU _bELAR _2rusmarc |
|
| 852 |
_aNLR _jПт 50/78 |
||
| 942 | _cBOOK | ||
| 980 | _aNB | ||